000 00762nam a2200289Ia 4500
008 170712s9999 xx 000 0 und d
020 _a9789712727740
050 _a303.62
050 _bR435 2012
100 _aRessa, Maria A.
245 _a10 days, 10 years from Bin Laden to facebook /
245 _cby Maria A. Ressa.
260 _aPhilippines :
260 _bAnvil,
260 _c2012
300 _a278 pages :
300 _billustrations ;
300 _c22cm.
650 _aKidnapping --
650 _aTerrorism --
650 _aTerrorism and mass media --
650 _aTitle : Ten days, ten years from Bin Laden to facebook /
650 _xPhilippines.
650 _xPhilippines.
650 _xPhilippines.
650 _xTitle.
999 _c340353
_d340353